Έρευνα εταιρίας και ανάλυση της παραγωγικής διαδικασίας με σκοπό την εφαρμογή δεικτών μέτρησης απόδοσης παραγωγικής διαδικασίας με την βοήθεια λογισμικού και βάσης δεδομένων : διπλωματική εργασία
Η διπλωματική αυτή, συνίσταται στην μελέτη αυτοματισμών παραγωγής της διαδικασίας επεξεργασίας χάρτου και απορρυπαντικών στην βιομηχανία Ευρωχαρτική Α.Ε.Β.Ε. καθώς και στην συλλογή δεδομένων και τον εποπτικό έλεγχο αυτής. Επιπρόσθετα, αναπτύχθηκε η ανάπτυξη συστήματος βάσης δεδομένων σε συνδυασμό με...
Saved in:
| Main Author: | |
|---|---|
| Corporate Author: | |
| Format: | Thesis Book |
| Language: | Greek |
| Published: |
2014.
|
| Subjects: | |
| Online Access: | http://hdl.handle.net/11610/9132 |
| Tags: |
Add Tag
No Tags, Be the first to tag this record!
|
MARC
| LEADER | 00000cam a2200000 i 4500 | ||
|---|---|---|---|
| 001 | 1/63480 | ||
| 008 | 150115s2014 gr | ||| |||| ||gre|| | ||
| 035 | |l 10120421 | ||
| 040 | |a GR-MyUa |b gre |e AACR2 | ||
| 041 | 0 | |a gre | |
| 082 | 7 | |a 658.5 |2 (22) | |
| 100 | 1 | |a Τρακάκης, Χρήστος. | |
| 245 | 1 | 0 | |a Έρευνα εταιρίας και ανάλυση της παραγωγικής διαδικασίας με σκοπό την εφαρμογή δεικτών μέτρησης απόδοσης παραγωγικής διαδικασίας με την βοήθεια λογισμικού και βάσης δεδομένων : |b διπλωματική εργασία / |c Τρακάκης Χρήστος ; επιβλέπων Μουλιανίτης Βασίλειος. |
| 260 | |c 2014. | ||
| 300 | |a 60 φύλλα : |b εικ. ; |c 30 εκ. | ||
| 502 | |a Πτυχιακή εργασία - Πανεπιστήμιο Αιγαίου, Σύρος, 2014. | ||
| 504 | |a Βιβλιογραφία: σ. 60. | ||
| 520 | 8 | |a Η διπλωματική αυτή, συνίσταται στην μελέτη αυτοματισμών παραγωγής της διαδικασίας επεξεργασίας χάρτου και απορρυπαντικών στην βιομηχανία Ευρωχαρτική Α.Ε.Β.Ε. καθώς και στην συλλογή δεδομένων και τον εποπτικό έλεγχο αυτής. Επιπρόσθετα, αναπτύχθηκε η ανάπτυξη συστήματος βάσης δεδομένων σε συνδυασμό με MRM. | |
| 650 | 0 | |a Lean manufacturing. | |
| 650 | 0 | |a Production management. | |
| 650 | 0 | |a Dissertations, Academic |z Greece. | |
| 700 | 1 | |a Μουλιανίτης, Βασίλης Ε. |e dgs | |
| 710 | 2 | |a Πανεπιστήμιο Αιγαίου. |b Τμήμα Μηχανικών Σχεδίασης Προϊόντων και Συστημάτων. | |
| 852 | |a INST |b SYROS |c DIATR |e 20150115 |h 658.5 ΤΡΑ |p 005500012259 |q 005500012259 |t DIE |y 23 | ||
| 852 | |a INST |b SYROS |c DIATR |e 20150115 |h 658.5 ΤΡΑ |p 005500012260 |q 005500012260 |t DIE |y 23 | ||
| 856 | |u http://hdl.handle.net/11610/9132 | ||
| 901 | |a BIBL5-2015-1 | ||
| 924 | |a Τρακάκης |b Χρήστος |y Σύρος |z 2014-07 | ||
| 970 | |a Κοντού |b Παρασκευή |z 15/01/2015 | ||